书目信息 |
| 题名: |
繁星·春水
|
|
| 作者: | 冰心 著 | |
| 分册: | ||
| 出版信息: | 北京 群言出版社 2016 |
|
| 页数: | 223页 | |
| 开本: | 21cm | |
| 丛书名: | ||
| 单 册: | ||
| 中图分类: | I226.1 | |
| 科图分类: | ||
| 主题词: | 新诗--诗集--中国--现代 | |
| 电子资源: | ||
| ISBN: | 978-7-80256-961-4 | |
| 000 | 00879nam0 2200241 450 | |
| 001 | 012001005100 | |
| 005 | 20141007145053.0 | |
| 010 | @a978-7-80256-961-4@b精装@dCNY28.00 | |
| 100 | @a20160218d2016 em y0chiy50 ea | |
| 101 | 0 | @achi |
| 102 | @aCN@b110000 | |
| 105 | @ay z 000gy | |
| 106 | @ar | |
| 200 | 1 | @a繁星·春水@9fan xing · chun shui@b专著@f冰心著 |
| 210 | @a北京@c群言出版社@d2016 | |
| 215 | @a223页@d21cm | |
| 300 | @a精装典藏本 | |
| 330 | @a《繁星》、《春水》是冰心女士最得意的两部诗歌集,也是人们公认的小诗中的最高成就。这些灵动委婉、含蓄隽永的诗歌,处处体现着冰心一生信奉的“爱的哲学”。她赞美童心,赞美母爱,赞美大自然,诉说着心中对世界的感受,同时也在探索着生命的意义。 | |
| 606 | 0 | @a新诗@x诗集@y中国@z现代 |
| 690 | @aI226.1@v5 | |
| 701 | 0 | @a冰心@9bing xin@f(1900-1999)@4著 |
| 801 | 0 | @aCN@b上海新华@c20180901 |
| 905 | @b1172624-8@dI226.1@e110@f5 | |
| 繁星·春水/冰心著.-北京:群言出版社,2016 |
| 223页;21cm |
| 精装典藏本 |
| ISBN 978-7-80256-961-4(精装):CNY28.00 |
| 《繁星》、《春水》是冰心女士最得意的两部诗歌集,也是人们公认的小诗中的最高成就。这些灵动委婉、含蓄隽永的诗歌,处处体现着冰心一生信奉的“爱的哲学”。她赞美童心,赞美母爱,赞美大自然,诉说着心中对世界的感受,同时也在探索着生命的意义。 |
| ● |
| 相关链接 |
|
|
|
|
正题名:繁星·春水
索取号:I226.1/110
 
预约/预借
| 序号 | 登录号 | 条形码 | 馆藏地/架位号 | 状态 | 备注 |
| 1 | 1172624 | 211726248 | 第一样本阅览室/ [索取号:I226.1/110] | 在馆 | |
| 2 | 1172625 | 211726257 | 密集书库-文学院/ [索取号:I226.1/110] | 在馆 | |
| 3 | 1172626 | 211726266 | 第二借阅区/ [索取号:I226.1/110] | 在馆 | |
| 4 | 1172627 | 211726275 | 第二借阅区/ [索取号:I226.1/110] | 在馆 | |
| 5 | 1172628 | 211726284 | 第二借阅区/ [索取号:I226.1/110] | 在馆 |